| 000 | 00000nam##2200000za#4500 |
| 001 | 9.575663 |
| 003 | CaOODSP |
| 005 | 20210624184754 |
| 007 | cr ||||||||||| |
| 008 | 150406|2008||||xxc|||||o f|0| 0 eng|d |
| 040 | |aCaOODSP|beng |
| 043 | |an-cn--- |
| 086 | 1 |aTU3-5/08-46E-PDF |
| 110 | 2 |aTransportation Safety Board of Canada. |
| 245 | 10|aEngine failure and collision with terrain - Labrador Air Safari (1984) Inc. de Havilland DHC-2 MK 1 (Beaver) C-FPQC Schefferville, Quebec, 70 nm E, 14 July 2008 |h[electronic resource] |
| 260 | |aGatineau - Quebec : |bTransportation Safety Board of Canada |c[2008]. |
| 300 | |a8p.|bcoloured illus., figs., references |
| 490 | 1 |aAviation investigation report |vA08A0095 |
| 590 | |a13-03-Supp|b2013-02-11 |
| 775 | 08|tPanne moteur et collision avec le relief du de Havilland DHC-2 MK 1 (Beaver) C-FPQC exploité par Labrador Air Safari (1984) Inc. à 70 nm à l'est de Schefferville (Québec), le 14 juillet 2008 |w(CaOODSP)9.605154 |
| 830 | #0|aAviation investigation report ;|vA08A0095|w(CaOODSP)9.504825 |
| 856 | 40|ahttp://publications.gc.ca|qPDF|s277 KB|uhttps://publications.gc.ca/collections/collection_2013/bst-tsb/TU3-5-08-46-eng.pdf|yA08A0095 |